| 000 | 00568nam a2200193 i 4500 | ||
|---|---|---|---|
| 001 | 104529 | ||
| 003 | ES-MaACL | ||
| 005 | 20230906183628.0 | ||
| 007 | t| | ||
| 008 | 051201s1981 sp ||||1| spa d | ||
| 100 | 1 |
_aMina Apat, María Cruz. _981310 |
|
| 245 | 1 | 0 |
_aFueros y revolución liberal en Navarra / _cMaría Cruz Mina Apat. |
| 260 |
_aMadrid : _bAlianza, _c1981. |
||
| 300 |
_a237 p. ; _c20 cm. |
||
| 490 | 1 |
_aAlianza universidad ; _v301 |
|
| 830 | 0 |
_aAlianza universidad ; _v301 _9177276 |
|
| 852 |
_aES-MaACL _jL-1435 _bR.102135 |
||
| 999 |
_c104529 _d104529 |
||